Germany UEFA Euro 2024 Squad - Statistics

General Stats
  • This quiz has been taken 5,450 times
    5,046 since last reset
  • The average score is 17 of 27
Answer Stats
# Position Player % Correct
1 GK Manuel Neuer
99%
10 MF Jamal Musiala
91%
17 MF Florian Wirtz
87%
22 GK Marc-André ter Stegen
87%
2 DF Antonio Rüdiger
85%
6 DF Joshua Kimmich
85%
8 MF Toni Kroos
83%
7 FW Kai Havertz
80%
13 FW Thomas Müller
79%
19 MF Leroy Sané
78%
9 FW Niclas Füllkrug
78%
21 MF © İlkay Gündoğan
77%
4 DF Jonathan Tah
73%
Manager Julian Nagelsmann
62%
15 DF Nico Schlotterbeck
61%
25 MF Emre Can
55%
23 MF Robert Andrich
55%
3 DF David Raum
50%
18 DF Maximilian Mittelstädt
49%
12 GK Oliver Baumann
43%
26 FW Deniz Undav
38%
5 MF Pascal Groß
37%
16 DF Waldemar Anton
32%
20 DF Benjamin Henrichs
28%
11 MF Chris Führich
27%
14 FW Maximilian Beier
27%
24 DF Robin Koch
26%
No matching quizzes found
Score Distribution
Percent of People with Each Score
Percentile by Number Answered
Your Score History
You have not taken this quiz since the last reset